000 00929nam a2200205Ia 4500
003 OSt
005 20241007100425.0
007 ca aa aaaaa
008 201103s9999 xx 000 0 und d
040 _cSSBUL
041 _abur
082 _223
_a၂၉၄.၃၃၆၅၂၉
_b၉၂၀၀ S-SAT
100 0 _aချမ်းမြေ့ရိပ်သာဆရာတော်
245 1 0 _aချမ်းမြေ့သာသနာတော်လျှောက်စာတမ်း /
_cချမ်းမြေ့ရိပ်သာဆရာတော်။
260 _aရန်ကုန်၊
_bချမ်းမြေ့ရိပ်သာကျောင်း၊
_c၁၉၈၇။
300 _aည၊ ၉၄ စာမျက်နှာ ၊
_c၁၇ စင်တီ။
500 _aS-SAT: Dr. Sai Aung Tun
650 _aဗုဒ္ဓဘာသာ
_xလျှောက်စာတမ်း
_954909
942 _2ddc
_cBK1
999 _c16704
_d16704